书目信息 |
| 题名: |
食物营养速查全书
|
|
| 作者: | 孙志慧 编著 | |
| 分册: | ||
| 出版信息: | 天津 天津科学技术出版社 2020.10 |
|
| 页数: | 228页 | |
| 开本: | 24cm | |
| 丛书名: | ||
| 单 册: | ||
| 中图分类: | R151.3 | |
| 科图分类: | ||
| 主题词: | 食品营养--基本知识 , 食品营养 | |
| 电子资源: | ||
| ISBN: | 978-7-5308-8128-6 | |
| 000 | 00820nam0 2200241 45 | |
| 001 | 012001002037 | |
| 005 | 20140913093602.0 | |
| 010 | @a978-7-5308-8128-6@dCNY45.00 | |
| 100 | @a20130827d2013 em y0chiy50 ea | |
| 101 | 0 | @achi |
| 102 | @aCN@b120000 | |
| 105 | @aa z 000yy | |
| 106 | @ar | |
| 200 | 1 | @a食物营养速查全书@Ashi wu ying yang su cha quan shu@b专著@f孙志慧编著 |
| 210 | @a天津@c天津科学技术出版社@d2020.10 | |
| 215 | @a228页@c图@d24cm | |
| 330 | @a本书涵盖了日常生活中常见的谷物、蔬菜、水果、豆类及豆制品、乳制品、畜肉、禽蛋、水产品等,介绍了每种食物的功效、食用和烹调的技巧、适宜和忌用的人群以及适用量等。 | |
| 606 | 0 | @a食品营养@x基本知识 |
| 606 | 0 | @a食品营养 |
| 690 | @aR151.3@v5 | |
| 701 | 0 | @a孙志慧@Asun zhi hui@4编著 |
| 801 | 0 | @aCN@bBJSDL@c20211011 |
| 905 | @b1338196-9@dR151.3@e141@f4 | |
| 食物营养速查全书/孙志慧编著.-天津:天津科学技术出版社,2020.10 |
| 228页:图;24cm |
| ISBN 978-7-5308-8128-6:CNY45.00 |
| 本书涵盖了日常生活中常见的谷物、蔬菜、水果、豆类及豆制品、乳制品、畜肉、禽蛋、水产品等,介绍了每种食物的功效、食用和烹调的技巧、适宜和忌用的人群以及适用量等。 |
| ● |
| 相关链接 |
|
|
|
|
正题名:食物营养速查全书
索取号:R151.3/141
 
预约/预借
| 序号 | 登录号 | 条形码 | 馆藏地/架位号 | 状态 | 备注 |
| 1 | 1338196 | 213381963 | 第二样本阅览室/ [索取号:R151.3/141] | 在馆 | |
| 2 | 1338197 | 213381972 | 第三借阅区/ [索取号:R151.3/141] | 在馆 | |
| 3 | 1338198 | 213381981 | 第三借阅区/ [索取号:R151.3/141] | 在馆 | |
| 4 | 1338199 | 213381990 | 第三借阅区/ [索取号:R151.3/141] | 在馆 |